class of 2028 TLM - Statistics

General Stats
  • This quiz has been taken 13 times
  • The average score is 16 of 26
Answer Stats
Hint Answer % Correct
Mr. Math Meet Griffin
100%
longest name in the class Cambree
67%
Most words read record Case
67%
Cousin of the above Chase
67%
(left last year) Beef with Conner and Pig guy Conrad
67%
Widest guy in the class, baseball Cooper
67%
Fastest, quarterback Ethan
67%
"it 1" Cheerleader Evi
67%
brother to the previous answer Gage
67%
Tallest and best grades Jameson
67%
Chicken farmer, dressed as a gingerbread man for Halloween Jesper
67%
(left last year) Always had dyed red hair Karlie
67%
Cross country Kensley
67%
Has a brother in 5th grade and a sister in 10th Kinli
67%
Smurf cat/mop head Kutler
67%
Cow manure, "Ouch!" Layne
67%
"it 2" Friend of previous answer Maddie
67%
was the tallest girl all elementary, adopted Peityn
67%
Pig guy Royce
67%
shortest guy, really likes hunting Soren
67%
Football nominated freshman of the season Zac
67%
(left last year) Held back, short, beard Anthony
33%
White skin red hair Isaac
33%
"BANG" Joined class in 2nd grade Jackson
33%
Only girl in Ag 6th hour Kendal
33%
Joined 8th grade Kylar
33%
No matching quizzes found
Score Distribution
Percent of People with Each Score
Percentile by Number Answered
Your Score History
You have not taken this quiz